00245nam a2200097 a 450000500170000000800410001705000080005824500360006665000090010265000360011120141022142002.0080930s19uu xx 00 eng d aAVM aGuides economics for filipinos. aVCD. aGuides economics for filipinos.